K riadeniu úverového rizika vo vybranej komerčnej banke
Úverové portfólio banky Tatra banky. Vývoj poskytnutých úverov Tatra bankou. Riadenie úverového rizika v banke.
Salvato in:
| Autore principale: | |
|---|---|
| Altri autori: | |
| Natura: | Capitolo di libro |
| Lingua: | slovacco |
| Soggetti: | |
| Tags: |
Nessun Tag, puoi essere il primo ad aggiungerne!!
|
MARC
| LEADER | 00000nla a2200000 4500 | ||
|---|---|---|---|
| 001 | 0205484 | ||
| 005 | 20240502073425.5 | ||
| 041 | 0 | |a slo | |
| 044 | |a SK | ||
| 245 | 1 | 0 | |a K riadeniu úverového rizika vo vybranej komerčnej banke |c Lucia Haliaková, Ctibor Pilch |
| 520 | |a Úverové portfólio banky Tatra banky. Vývoj poskytnutých úverov Tatra bankou. Riadenie úverového rizika v banke. | ||
| 610 | 2 | 0 | |a riadenie rizík |
| 610 | 2 | 0 | |a banky |
| 610 | 2 | 0 | |a portfólio |
| 610 | 2 | 0 | |a riziko úverové |
| 100 | 1 | |a Haliaková, Lucia | |
| 700 | 1 | |a Pilch, Ctibor, 1957- | |